000 00604nmm a2200193Ia 4500
008 251105s9999||||xx |||||||||||||||||und||
020 _a9789587418002
041 _aspa
100 _aCastro Correa, Alberto de
245 0 _aPsicología clínica :
_b Fundamentos existenciales
264 _a[Bogotá, Colombia] :
_bUniversidad del Norte,
_c2017
300 _a338 páginas
650 _aPsychology
700 _aCastro Correa, Alberto de
700 1 _a García Chacón, Guillermo
700 1 _a González Ternera, Ricardo
856 _uhttps://public.digitaliapublishing.com/a/49655
942 _cCF
999 _c63803
_d63803